| 000 | 00906nas a2200289 4500 | ||
|---|---|---|---|
| 001 | BR2010000207 | ||
| 003 | BR-BrBNA | ||
| 005 | 20231205113821.0 | ||
| 007 | ta | ||
| 008 | 230509b bl.|||p| |||| 00| 00por d | ||
| 040 |
_aBR-BrBNA _bpor _cBiblioteca Nacional de Agricultura |
||
| 041 | _a(Pt) | ||
| 072 | _aD10; A01 | ||
| 100 | 1 | _aResende, H.R.A. de | |
| 100 | 1 | _aCosta, A.M.S. da C. | |
| 100 | 1 | _aDavid, F.M. | |
| 100 | 1 | _aCosta, W.P. | |
| 100 | 1 | _aMorais, D.A.E.F. | |
| 245 | 1 | _aAdoção de técnicas administrativas para o desenvolvimento sustentável da agricultura familiar - uma revisão | |
| 650 | _aAGRICULTURA FAMILIAR | ||
| 650 | _aADMINISTRAÇÃO | ||
| 650 | _aADOÇÃO DE INOVAÇÕES | ||
| 650 | _aPRODUTIVIDADE | ||
| 773 | 0 |
_tCaatinga (Brazil) _xISSN 0100-316X _g(2007), v. 20(4) p. 144-147 _wBR2010000207 |
|
| 909 |
_a202311 _bLúcia _c55 _dLúcia Elande |
||
| 942 |
_2AGRIS _n0 _cANA |
||
| 999 |
_c205780 _d205780 |
||